000 00451nam a2200193Ia 4500
005 20240823041731.0
008 240823s9999||||xx |||||||||||||| ||und||
041 _aENGLISH
082 _A428.24 N7
100 _aBhasker WWS
245 0 _aEnglish Through Reading Vol II
250 _a1st
260 _c1997
_bMacmillan India Li
500 _aTRANSFERED
650 _aEnglish
_bEnglish
700 _a Prabhu N S
942 _cBK
999 _c206204
_d206204